Un pedaço de historia de lo sucedido en Çaragoça de Aragón, a 24 de setiembre, del año 1591 (Record no. 176824)

MARC details
000 -LEADER
campo de control de longitud fija 00971nam a22002295i 4500
001 - NÚMERO DE CONTROL
campo de control 176824
003 - IDENTIFICADOR DE NÚMERO DE CONTROL
campo de control ES-MaACL
005 - FECHA Y HORA DE LA ÚLTIMA TRANSACCIÓN
campo de control 20251011063156.0
008 - DATOS DE LONGITUD FIJA--INFORMACIÓN GENERAL
campo de control de longitud fija 110214s1959 sp |||| | spa d
080 ## - NÚMERO DE LA CLASIFICACIÓN DECIMAL UNIVERSAL
Número de la Clasificación Decimal Universal 272(460.224 Z.)
100 0# - ENTRADA PRINCIPAL--NOMBRE DE PERSONA
Nombre de persona Pérez, Antonio,
Fechas asociadas al nombre 1540-1611
9 (RLIN) 90557
245 13 - MENCIÓN DEL TÍTULO
Título Un pedaço de historia de lo sucedido en Çaragoça de Aragón, a 24 de setiembre, del año 1591
Resto del título : (Pau, 1591) /
Mención de responsabilidad, etc. Antonio Pérez ; [noticia bibliográfica por Antonio Pérez Gómez].
260 ## - PUBLICACIÓN, DISTRIBUCIÓN, ETC.
Lugar de publicación, distribución, etc. Valencia :
Nombre del editor, distribuidor, etc. La fonte que mana y corre,
Fecha de publicación, distribución, etc. 1959.
300 ## - DESCRIPCIÓN FÍSICA
Extensión XXII, 127 p. ;
Dimensiones 18 cm.
490 1# - MENCIÓN DE SERIE
Mención de serie Duque y marqués : opúsculos literarios rarísimos ;
Designación de volumen o secuencia 14
500 ## - NOTA GENERAL
Nota general Reproducción facs. de la port.
650 #4 - PUNTO DE ACCESO ADICIONAL DE MATERIA--TÉRMINO DE MATERIA
Término de materia o nombre geográfico como elemento de entrada Inquisición-
Subdivisión geográfica Zaragoza.
9 (RLIN) 145166
700 0# - ENTRADA AGREGADA--NOMBRE PERSONAL
Nombre de persona Pérez y Gómez, Antonio,
Fechas asociadas al nombre 1902-1976
9 (RLIN) 91216
830 0# - PUNTO DE ACCESO ADICIONAL DE SERIE-TÍTULO UNIFORME
Título uniforme Duque y marqués : opúsculos literarios rarísimos ;
Designación de volumen o secuencia 14
9 (RLIN) 190262
852 ## - LOCALIZACIÓN
Ubicación ES-MaACL
Número de control de estantería E-14301
Encuadernación Olim P-292
Holdings
Estatus retirado Estado de pérdida Estado de daño No para préstamo Biblioteca de origen Biblioteca actual Ubicación en estantería Fecha de adquisición Fuente de adquisición Total de préstamos Signatura topográfica completa Código de barras Visto por última vez Precio de reemplazo Tipo de ítem Koha
        Biblioteca del Ateneo de Madrid Biblioteca del Ateneo de Madrid Depósito 2 14/02/2011     E-14301 1185716 23/02/2023 23/02/2023 Libro impreso